Conan's First Guests Quiz Stats

 Plays Quiz not verified by Sporcle

Score 0/14 Timer 06:00
0 Plays Today
Day Guest % Correct
TuesdayTom Hanks
81.4%
MondaySeth Rogen
70%
MondayJack White
65.7%
ThursdayMichael Cera
41.4%
MondayLea Michele
31.4%
TuesdaySoundgarden
31.4%
WednesdayJon Hamm
30%
Day Guest % Correct
ThursdayJulie Bowen
24.3%
ThursdayBruce Jenner
22.9%
WednesdayCharlyne Yi
20%
TuesdayJack McBrayer
15.7%
ThursdayJohn Dore
14.3%
WednesdayFistful Of Mercy
11.4%
MondayArlene Wagner
10%

You're not logged in!

Compare scores with friends on all Sporcle quizzes.
OR
Log In

Show Comments

Extras

Created Nov 14, 2010SourceReportNominate
Tags:conan, tbs

Top Quizzes Today


Score Distribution

Your Account Isn't Verified!

In order to create a playlist on Sporcle, you need to verify the email address you used during registration. Go to your Sporcle Settings to finish the process.

Report this User

Report this user for behavior that violates our Community Guidelines.

Details: